000 00338 a2200157 4500
001 46800
020 _a9788574169545
040 _cAnchieta - Aquarius
100 _aSchubach, Taline
240 1 0 _aFoi o Coelho!
_lpor
245 1 0 _aFoi o Coelho!
300 _a
362 0 _a2014
650 4 _aLiteratura infanto-juvenil
942 _cBK
999 _c46800
_d46800